Кинетическое объяснение "эффекта Воробьевых" при импульсном пробое диэлектриков; Известия вузов. Физика; Т. 54, № 11/3 (приложение)

Λεπτομέρειες βιβλιογραφικής εγγραφής
Parent link:Известия вузов. Физика/ Министерство общего и профессионального образования Российской Федерации ; Томский Госуниверситет.— , 1958-
Т. 54, № 11/3 (приложение).— 2011.— С. 189-195
Άλλοι συγγραφείς: Лопатин В. В. Владимир Васильевич, Носков М. Д., Усманов Г. З., Чеглоков А. А.
Περίληψη:На основе представленной стохастически-детерминистической модели развития разрядных каналов в диэлектриках проведены компьютерные исследования развития разряда в комбинированной системе жидкость-твердое тело с накладными электродами. Показано, что несмотря на большую электрическую прочность твердых диэлектриков, более высокая скорость развития каналов по сравнению с каналами в жидкости может обеспечить внедрение их в твердые диэлектрики. Вероятность этого явления так же, как и в физических экспериментах, становится существенной при крутизне приложенного напряжения более 5 • 10 11 В/с
Γλώσσα:Ρωσικά
Έκδοση: 2011
Θέματα:
Μορφή: Κεφάλαιο βιβλίου
KOHA link:https://koha.lib.tpu.ru/cgi-bin/koha/opac-detail.pl?biblionumber=503562

MARC

LEADER 00000naa2a2200000 4500
001 503562
005 20231101102615.0
035 |a (RuTPU)RU\TPU\prd\174328 
090 |a 503562 
100 |a 20130411a2011 k y0rusy50 ca 
101 0 |a rus 
102 |a RU 
200 1 |a Кинетическое объяснение "эффекта Воробьевых" при импульсном пробое диэлектриков  |f В. В. Лопатин [и др.] 
330 |a На основе представленной стохастически-детерминистической модели развития разрядных каналов в диэлектриках проведены компьютерные исследования развития разряда в комбинированной системе жидкость-твердое тело с накладными электродами. Показано, что несмотря на большую электрическую прочность твердых диэлектриков, более высокая скорость развития каналов по сравнению с каналами в жидкости может обеспечить внедрение их в твердые диэлектрики. Вероятность этого явления так же, как и в физических экспериментах, становится существенной при крутизне приложенного напряжения более 5 • 10 11 В/с 
461 1 |0 (RuTPU)RU\TPU\prd\191  |t Известия вузов. Физика  |f Министерство общего и профессионального образования Российской Федерации ; Томский Госуниверситет  |d 1958- 
463 1 |0 (RuTPU)RU\TPU\prd\165428  |t Т. 54, № 11/3 (приложение)  |v С. 189-195  |d 2011 
610 1 |a труды учёных ТПУ 
701 1 |a Лопатин  |b В. В.  |c электрофизик  |c доктор физико-математических наук, профессор Томского политехнического университета, заместитель директора по научной работе ИФВТ ТПУ  |f 1947-  |g Владимир Васильевич  |2 stltpush  |3 (RuTPU)RU\TPU\pers\20662 
701 1 |a Носков  |b М. Д. 
701 1 |a Усманов  |b Г. З. 
701 1 |a Чеглоков  |b А. А. 
801 1 |a RU  |b 63413507  |c 20130411 
801 2 |a RU  |b 63413507  |c 20130411  |g RCR 
942 |c BK